Las Vegas Raiders Trivia - Statistics

General Stats
  • This quiz has been taken 865 times
    486 since last reset
  • The average score is 13 of 18
Answer Stats
Hint Answer % Correct
Starting quarterback from 2014–2022 Derek Carr
97%
The other cities which the Raiders have called home Oakland
97%
Name of the Raiders' fan base Raider {Nation}
88%
Former Packers receiver signed in 2022 Davante Adams
86%
The other cities which the Raiders have called home Los Angeles
86%
Two sport star drafted #1 overall in 1986 Bo Jackson
80%
Pro Bowl players with the last name Woodson {Charles} Woodson
78%
Name one of the two head coaches to lead the team to a Super Bowl victory John Madden / Tom Flores
77%
Motto of that owner Just {win}, baby
77%
Team colors of the Raiders Silver and black
75%
Forty year old receiver who notched 1211 yards for the Raiders in 2002 Jerry Rice
71%
Principal owner of the team from 1972–2011 Al Davis
67%
Pro Bowl players with the last name Woodson {Rod} Woodson
66%
All-time leading rusher Marcus Allen
65%
Name one of the two quarterbacks to win a Super Bowl for the Raiders Ken Stabler / Jim Plunkett
64%
All-time leading receiver Tim Brown
60%
Position played by former standout Shane Lechler Punter
52%
Defensive end from 1981–1993 with two sons who also played in the NFL Howie Long
51%
No matching quizzes found
Score Distribution
Percent of People with Each Score
Percentile by Number Answered
Your Score History
You have not taken this quiz since the last reset